01603nam a2200253 a 450000100100000000500170001000800410002702000180006804000250008608200160011111000330012724000180016024500870017826000430026530000270030850000740033550504860040959000270089570000470092295201290096995201140109895201200121299900170133200004663120201002053020.0180314s2017 dr a 000 0 spa d a9789945606102 aDO-SdBNPbspacBNPHU axxxxbR426r1 aRepública Dominicana.944713a[Leyes, etc.]10aResoluciones de la jurisdicción inmobiliaria /ccompilación Sergio A. Ortiz V. aSanto Domingo :bEditora Dalis,c2017. a56 p. :bil. ;c22 cm. aIncluye referencias bibliográficas y notas al pie de las páginas.0 aResolución No. 3642-2016: Reglamento de Desjudicialización de Deslinde y Procedimientos Diversos.tResolución No. 3643-2016: Reglamento para la Solicitud de Autorización de Mensura para Saneamiento.tResolución No. 3644-2016: Reglamento para el uso de Coordenadas de la Red de Estaciones Permanentes y Levantamientos Parcelarios.tResolución No. 3645-2016: Reglamento Sobre Soluciones de Mensuras Superpuestas.tProcedentes constitucionales sobre registro de títulos. aInventariado, 2018 /LP1 aOrtiz V., Sergio A.,ecompilación973038 001054708DSaGRbGRcCTd2018-03-14iLF1l0oxxxx R426rp46631-30r2020-06-25te. 3w2020-06-25yLFDSZPréstamo en sala 0010718PDaPDbPDcCTd2018-03-14iLF1l0oxxxx R426rp46631-10r2020-06-25w2020-06-25yLFPDZNo se presta 0010718PDaPDbPDcCTd2018-03-14iLF1l0oxxxx R426rp46631-20r2020-06-25te. 2w2020-06-25yLFPDZNo se presta c46120d46120